000 00713nam a2200217 4500
001 12437
003 ES-MaACL
005 20230906150318.0
007 t|
008 000000s1983 sp a |||| | spa j
020 _a84-500-9104-7
080 _a629.73(467.42 A.)(091)
080 _a623.74(467.42 A.)(091)
100 1 _aHenares, Domingo.
_962508
245 1 0 _aHistoria de la aviación en Albacete /
_cDomingo Henares Martínez.
260 _a[Madrid] :
_bInstituto de Historia y Cultura Aeronáutica,
_cD.L. 1983.
300 _a179 p :
_bil ;
_c17x24 cm.
650 1 4 _aAviación-
_zAlbacete-
_vHistoria.
_910451
710 2 _aInstituto de Historia y Cultura Aeronáutica.
_94955
852 _aES-MaACL
_jL-19671
999 _c12437
_d12437